| 000 | 00726cab a2200229 4500 | ||
|---|---|---|---|
| 001 | ABS52014 | ||
| 008 | 090401t1994 xxu||||| |||| 00| 0 eng d | ||
| 035 | _a(Sirsi) u54776 | ||
| 041 | _aeng | ||
| 100 | _aRay, R.P. | ||
| 245 | _aInheritance tax - wrinkles and foibles - I | ||
| 260 | _c1994 | ||
| 350 | _a0 | ||
| 490 |
_aTaxation _v(134) 8 December 1994, 238-242(4) |
||
| 520 | _aDiscusses and illustrates planning possibilities and difficulties in relation to inheritance tax business property relief and agricultural property relief. | ||
| 650 | _aAGRICULTURAL PROPERTY RELIEFS | ||
| 650 | _aBUSINESS PROPERTY RELIEFS | ||
| 650 | _aINHERITANCE TAX | ||
| 690 | _aTAXATION | ||
| 942 | _n0 | ||
| 948 | _c04/03/1997 | ||
| 999 |
_c33573 _d33573 |
||